Sports Quiz

Random Sports or MLB Quiz

Al mvp 1990 to 2000 Quiz Stats

 Plays Quiz not verified by Sporcle

Score 0/11 Timer 09:00
0 Plays Today
year player % Correct
AL 1999Ivan Rodriguez
89.5%
AL 1993Frank Thomas
73.7%
AL 1994Frank Thomas
73.7%
AL 1996Juan Gonzalez
71.9%
AL 1998Juan Gonzalez
71.9%
AL 1995Mo Vaughn
64.9%
AL 2000Jason Giambi
56.1%
AL 1990Rickey Henderson
43.9%
AL 1997Ken Griffey Jr
35.1%
AL 1992Dennis Eckersley
33.3%
AL 1991Cal Ripken Jr
28.1%

You're not logged in!

Compare scores with friends on all Sporcle quizzes.
OR
Log In

Show Comments

Extras

Top Quizzes Today


Score Distribution

Your Account Isn't Verified!

In order to create a playlist on Sporcle, you need to verify the email address you used during registration. Go to your Sporcle Settings to finish the process.

Report this User

Report this user for behavior that violates our Community Guidelines.

Details: